000
00292nam a2200121Ia 4500
100
_a
Subramanya/K.
942
_c
BK
654
_a
Theory & Application
245
_a
Theory & Application Of Fluid Mechanics
260
_b
Tata McGraw Hill
_a
NEW DELHI
_c
1993
300
_a
752
546
_a
ENGLISH
999
_c
29035
_d
29035